Statystyki dla Gothic - czy pamiętasz przemowę Vatrasa?

Kliknij tutaj aby rozwiązać quiz!

Ogólne statystyki

  • Ten quiz został rozwiązany 131 razy
    (128 od ostatniego zresetowania)
  • Średni wynik to 193 z 328

Statystyki odpowiedzi

Powstanie świata% Poprawnych
W
100%
w
100%
A
99%
a
99%
i
99%
I
99%
Adanos,
97%
Adanos
97%
Beliar
97%
Innos
97%
Innos,
97%
z
97%
nie
88%
stworzył.
84%
na
81%
Ale
79%
ale
79%
co
78%
światła
75%
się,
73%
się
73%
wszystko
73%
wszystko,
73%
Wtedy
72%
wtedy
72%
znosił
72%
tak
70%
Tak
70%
widoku
70%
Beliara
69%
Beliara.
69%
bo
69%
niszczył
69%
ani
67%
człowiek
67%
do
67%
że
67%
ze
67%
ludzie.
66%
64%
ład
64%
ląd,
64%
mieli
64%
więc
64%
Ziemi,
64%
Ziemi
64%
Ziemi.
64%
wilki
63%
władzy.
63%
żadnej
63%
by
61%
owce,
61%
swej
61%
morze.
60%
powstało,
60%
powstało
60%
wyłonił
60%
zwierzęta,
60%
bestię,
58%
bestię.
58%
Innosa,
58%
moc.
58%
morza
58%
tam,
58%
wszystkie
58%
końcu
57%
lądzie
57%
Stanął
57%
stanął
57%
Adanosa
55%
gdzie
55%
zasmucił.
55%
gniew
54%
między
54%
mrok.
54%
on
54%
pokonał
54%
Ujrzał
54%
jego
52%
mądrości
52%
mocy,
52%
mocy
52%
mógł
52%
powstali
52%
Rośliny
52%
rzekł
52%
samym
52%
uczynił.
52%
wielce
52%
wszystkiego,
52%
bestia
51%
braćmi
51%
był
51%
która
51%
nic
51%
wówczas
51%
żywe
51%
gdy
49%
może
49%
nią
49%
swymi
49%
tym
49%
boskiej
48%
chaos
48%
jasność
48%
powierzchni
48%
stał
48%
świecie
48%
ten
48%
wielki,
48%
braci
46%
cieszył
46%
człowieka.
46%
falę,
46%
niego
46%
ona
46%
to,
46%
zesłał
46%
Ziemię.
46%
Ziemię,
46%
istnieć
45%
wróciła
45%
całą
43%
część
43%
królestwa
43%
oto
43%
swojej
43%
zmyła
43%
ich
42%
jest
42%
mogła
40%
niej
40%
sługą.
40%
sobą
39%
sposób
39%
zniszczyć
39%
bez
37%
jednakże
37%
potężną
37%
powróci
37%
przemówił,
37%
stała
37%
święta
37%
wasza
37%
znaleźć
37%
aby
36%
drzewa
36%
harmonii
36%
jednakowo
36%
miejscu
36%
mojej
36%
"Nigdy
36%
noga
36%
swych
36%
wieki".
36%
zwrócił
36%
pojednać
34%
próbował
34%
przemierzył
34%
skutku.
34%
swą
34%
więcej
34%
wraz
34%
współistniały
34%
czyn
33%
darzył
33%
istoty,
33%
nich
33%
powstanie
33%
pozostanie
33%
rzeczy.
33%
taka
33%
tchnął
33%
miłością
31%
także
31%
bogów.
30%
innej
30%
zaprzestali
30%
dnia
28%
obawiał
28%
przez
28%
zobaczył
28%
zostawił
28%
odeszły
27%
pewnego
27%
podpatrzył
27%
naprawić
25%
płonął
25%
szkody
25%
wyrządzone
25%
boską
24%
uprosił
24%
człowiekowi.
22%
człowiekowi
22%
Dlatego
22%
przywrócić
21%
równowaga
21%
chaosem
19%
ładem
19%
odebrał
19%
wreszcie
19%
prysła
18%
wojna
15%
zaklął
12%

Rozkład punktacji

Percentyl według liczby udzielonych odpowiedzi

Procent ludzi z każdym wynikiem

Twoja historia wyników

Nie rozwiązałeś tego quizu od ostatniego zresetowania